000
00266nam a22001217a 4500
041
_a
ENG
100
_a
Fernandes.L
245
_a
Borland C++3.0 For Windows 3.1
260
_a
Delhi
_b
BPB Publications
_c
2000
300
_a
929
650
_a
Computer
856
_u
Computer
999
_c
734
_d
734